Регионална библиотека "Любен Каравелов" - Русе

Последният сефарад (Запис номер 142423)

MARC детайли
000 -Лидер
Контролно поле с фиксирана дължина 01350nam a2200373 c 4500
003 - Код на организацията, давaща контролен номер
Контролно поле BLK
005 - Дата и час на последна редакция
Контролно поле 20250401123018.0
008 - Елементи от данни с фиксирана дължина
fixed length control field 180409b bul|||||r ||||||| ||bul||
010 ## - Наследен системен номер
LC control number KNG00148513000
020 ## - Международен стандартен номер на книга ISBN
Международен стандартен номер на книга ISBN 978-954-28-1343-9
040 ## - Източник на каталожния запис
Идентификатор на билиотеката - собственик на записа BLK
041 ## - Код за език
Код за езика на текст/звукозапис или на отделно заглавие Български
Код за езика КДБФ Български
072 #7 - Код за тематичната категория
Код организация bullib
Код за тематична категория Н83
Текст Чужда художествена литература Н
080 ## - УДК
Текстов определител УДК Турска литература
УДК код - определител по УДК 821.512.161
УДК определител -311.6
УДК - код + определител 821.512.161-311.6
100 1# - Редна дума - Автор
Автор Акман, Беязът
Авторска отговорност първи автор
R(LIN) 29862
139 ## - Редно поле
Редна дума Акман, Беязът
Авторски знак Аки - А 40
245 10 - Сведения за заглавието
Заглавие Последният сефарад
Подзаглавни данни Войната на Султан Баязид : Роман
Редно поле (дума) Беязът Акман; прев. Елен Кирчева.
257 ## - Страна на издаване
Страна на създаване/издаване Турция
260 ## - Област на издателските данни
Име на издателя, разпространителя и проч. Сиела Норма
Година на издаване 2013
Печатница София : Мултипринт
300 ## - Физическа характеристика
Страници 656 с.
Размери/Мащаб 21 см
380 ## - Жанр
Жанр Худож. лит.
490 1# - СЕРИИ (Колекции)
Име на серия Империята
№: серия ІІ
500 ## - Общи забележки
Забележка Ориг. загл. Imparatorluk 2 / Beyazit Akman.
653 ## - Ключова дума – ненормативна
Ключова дума исторически романи
659 ## - Тематичен бюлетин
Тематичен бюлетин Н
700 1# - Други автори (авторска отговорност)
Лично име Кирчева, Елен
Автороска отговорност (Описва отношението между автора и произведението) прев.
9 (RLIN) 379620
852 ## - Местоположение
Форматна сигнатура Цб 258693
856 4# - Електронен адрес и достъп
Електронен формат pdf - файл
856 4# - Електронен адрес и достъп
Електронен формат pdf - файл
999 ## - СИСТЕМНИ КОНТРОЛНИ НОМЕРА
Koha biblionumber 142423
Koha biblioitemnumber 142423
942 ## - АРТИКУЛИ
Вид на библиотечния материал Книги
Скрит в OPAC Не
Koha issues (borrowed), all copies 49
944 ## - СЪЗДАВАНЕ И РЕДАКЦИЯ на ЗАПИСА
Създаване/Редакция Създаване
Дата на регистрацията/редакция 06.08.2013
Статус, дата на статуса Цветелина Шанова
Служител, извършил регистрацията/редакцията 30531
944 ## - СЪЗДАВАНЕ И РЕДАКЦИЯ на ЗАПИСА
Създаване/Редакция Редакция
Дата на регистрацията/редакция 13.03.2014
Статус, дата на статуса ф /
999 ## - СИСТЕМНИ КОНТРОЛНИ НОМЕРА
Koha biblioitemnumber 142423
Наличности
Код за отписване Код за изгубен артикул Код за повреда Коз за рестрикции Код за отдаване Артикулен № Име на библиотеката - собственик Име на библиотеката, в която се намира в момента Статус (Текущо местоположение) Дата на вписване в системата Местоположение - отдел Цена в лева Инвентарен номер Систематично азбучна сигнатура Баркод Номер на екземпляра Цена в евро Служебна бележка Служебен тип на артикула Източник на класификационната схема
  Не е изгубен Не е повреден без рестрикции заемане за дома 235587 Регионална библиотека "Любен Каравелов" Русе Регионална библиотека "Любен Каравелов" Русе Заемна - подръчен фонд 2013-08-05 Заемна - подръчен фонд 9.00 120000768531 П 894.35-31/А 40 120000768531 1 4.60 Дост: Pk Вид: Ф N: 539 Дата: 01.08.2013 Дата инв: 07.03.2018 Бележки инв: П2018 Книги  
Изтеглен Не е изгубен Не е повреден без рестрикции заемане за дома 235588 Регионална библиотека "Любен Каравелов" Русе Регионална библиотека "Любен Каравелов" Русе Заемна - подръчен фонд 2013-08-05 Заемна - подръчен фонд 9.00 120000768532 П 821-31/А 40 120000768532 2 4.60 Дост: Pk Вид: Ф N: 539 Дата: 01.08.2013 Дата инв: 08.02.2018 Бележки инв: П2018 Книги Universal Decimal Classification
  Не е изгубен Не е повреден без рестрикции заемане за дома 235589 Регионална библиотека "Любен Каравелов" Русе Регионална библиотека "Любен Каравелов" Русе Заемна - подръчен фонд 2014-03-11 Заемна - подръчен фонд 9.00 120000775362 П 894.35-31/А 40 120000775362 3 4.60 Дост: Pk Вид: Ф N: 725 Дата: 03.03.2014 Книги Universal Decimal Classification
Vip Innovations Ltd, Rousse, Bulgaria 2025